000 00506nam a2200193 a 4500
001 1766046744470
003 YourLibrary
005 20251222113206.0
008 251218s1995##################000#0#eng##
020 _a9780820426471
082 0 4 _a232.3
_bVAN
100 1 _aDyk, Leanne Van,
_eauthor.
245 1 0 _aThe Desire of Divine Love :
260 _bPeter Lang Pub Incorporated,
_c1995.
300 _a186 pages
650 0 _aReligion.
942 _cENGLISH
040 _aYourLibrary
_beng
_cYourLibrary
999 _c603984
_d603984